000 03354nam a2200577 i 4500
001 000035656
003 DO-SdBNP
005 20240614101229.0
007 ta
008 111107s2011 dr 000 0 spa d
020 _a9789945873276
040 _aDO-SdBNP
_bspa
_cBNPHU
_erda
082 _222
_bB224P
245 0 0 _aBarahona / Pedernales :
_bciclo conferencias /
_cprólogo José Chez Checo ; textos Yolanda León, Bolívar Troncoso Morales, Wilson Gómez Ramírez, Leticia Tejeda de Matos, Margarita Vicens de Morales y otros ; fotografías: Jesús Rodríguez, Ricardo Briones, Leandro Montes, Ricardo Batista, Luis A. Ramírez y otros
264 _aSanto Domingo :
_bCCN,
_c2011.
300 _a165 páginas
_c23 cm.
336 _2rdacontent
_atexto
_btxt
337 _2rdamedia
_asin mediación
_bn
338 _2rdacarrier
_avolumen
_bnc
490 1 _aOrgullo de mi tierra
505 0 _tPrólogo /
_rJosé Chez Checo. --
_tSituación de las tortugas marinas en la Provincia Pedernales /
_rYolanda León. --
_tGeografía física, fauna y flora de Barahona y Pedernales /
_rBolívar Troncoso Morales. --
_tAporte barahonero a favor de la libertad del pueblo dominicano /
_rWilson Gómez Ramírez. --
_tArquitectura de Barahona /
_rLeticia Tejeda de Matos. --
_tMaría Montez en la historia del cine mundial /
_rMargarita Vicens de Morales. --
_tInstituciones sociales y religiosas destacadas de Barahona /
_rJulio Vargas. --
_tLa historia de los medios de comunicación social de Barahona /
_rOscar López Reyes. --
_tCasandra Damirón en la música popular dominicana /
_rRafael Solano. --
_tEl padre Fuertes en la historia de la iglesia de Barahona /
_rJosé Luis Sáez Ramo. --
_tNuestro Sur /
_rJorge Brocca. --
_tAspectos históricos de las Islas Beata y Alto Velo /
_rBernardo Vega. --
_tLa economía de Barahona y Pedernales en el siglo XX /
_rVirgilio Gautreaux.
590 _aInventariado, 2024/ YL
650 2 4 _aPatrimonio cultural dominicano
_961571
650 2 4 _aMedios de comunicación social
_zBarahona (Provincia{Rpara}
_961572
650 4 _aTortugas marinas
_zPedernales (República Dominicana)
_961573
700 1 _aChez Checo, José
_eprólogo
_980381
700 1 _aLeón, Yolanda
_961576
_etextos
700 1 _aTroncoso Morales, Bolívar
_etextos
_910922
700 1 _aGómez Ramírez, Wilson
_etextos
_985667
700 1 _aTejeda de Matos, Leticia
_etextos
_985668
700 1 _aVicens de Morales, Margarita
_etextos
_946556
700 1 _aVargas, Julio
_etextos
_985669
700 1 _aLópez Reyes, Oscar
_etextos
700 1 _aSolano, Rafael
_etextos
_913138
700 1 _aSáez Ramo, José Luis
_etextos
_985670
700 1 _aBrocca, Jorge
_etextos
_985671
700 1 _aVega, Bernardo
_etextos
_985109
700 1 _aGautreaux, Virgilio
_etextos
_985672
700 1 _aRodríguez, Jesús,
_efotografías
_961577
700 1 _aBriones, Ricardo
_efotografías
_929826
700 1 _aMontes, Leandro
_efotografías
_985673
700 1 _aBatista, Ricardo
_efotografías
_985674
700 1 _aRamírez, Luis A.
_efotografías
_985675
700 1 _aAlvarez, Robert
_efotografías
_985676
700 1 _aVilorio, Héctor
_efotografías
_985677
700 1 _aÁlvarez, José Alejandro
_efotografías
_978811
700 1 _aBatista, Domingo
_efotografías
_956792
710 1 _aCentro Cuesta Nacional (CCN)
_985666
910 _aYLockward
942 _2ddc
_cLBS1
999 _c35147
_d35147